000
00252nam a2200109Ia 4500
008
190216s9999||||xx |||||||||||||| ||und||
100
_a
Coulter J M
245
0
_a
Text Book Of Botany
260
_b
The World Press Pvt Ltd
650
_a
Botany
942
_c
BK
999
_c
1145
_d
1145